000 00479nam a2200181Ia 4500
001 8920
005 20260306160645.0
008 260306t2015||||xx |||||||||||||| ||spa||
041 _aESP
082 _a371.926
_bF348
100 _aFiuza Asorey, María José
_eAUT
245 0 _aDificultades de aprendizaje y trastornos del desarrollo:
_bmanual didáctico
260 _c2015
300 _a274 páginas :
_c24 cm.
650 _aGEN
654 _aCED
942 _cLIB
_dJUS
_fJUS
_2ddc
_n
999 _c8920
_d8920